Video Game Characters By Picture - B - Statistics

General Stats
  • This quiz has been taken 231 times
    212 since last reset
  • The average score is 9 of 20
Answer Stats
Picture Answer % Correct
Bowser
95%
Banjo
78%
Bayonetta
70%
Bomb
69%
Bonnie the Rabbit
66%
Baldi
64%
Bendy
63%
Birdo
63%
Bomberman
60%
Blinky
56%
Big the Cat
46%
Blaze the Cat
43%
Big Smoke
41%
Big Boss
34%
The Blues
27%
Bubsy
26%
Barbara
11%
Beat
10%
Bentley
9%
Booker DeWitt
7%
No matching quizzes found
Score Distribution
Percent of People with Each Score
Percentile by Number Answered
Your Score History
You have not taken this quiz since the last reset